| 000 | 00718nam a22002177a 4500 | ||
|---|---|---|---|
| 001 | 129950 | ||
| 003 | ES-SlBCS | ||
| 005 | 20260623074827.0 | ||
| 008 | 260623b ||||| |||| 00| 0 spa d | ||
| 017 |
_aM 137-2026 _bMadrid |
||
| 020 | _a979-13-7009-192-7 | ||
| 040 |
_aES-SlBCS _bspa _dES-SlBCS |
||
| 100 | 1 |
_aCorbin, Alain _9331221 |
|
| 245 | 1 |
_aHistoria de la alegría. _bViaje al corazón de nuestra intimidad. _cAlain Corbin |
|
| 260 |
_aMadrid _bAlianza Editorial _c2026 |
||
| 300 |
_a179 p., _btapa blanda; _c20 cm. |
||
| 500 | 1 | _aDonación de Gabrielle Palasciano | |
| 650 |
_aAntropología _vEspiritualidad _xAlegía _9429748 |
||
| 700 | 1 |
_aMiguel Morey _etrad. _tHistoire de la joie _9429749 |
|
| 942 |
_2lcc _cBK |
||
| 999 |
_c905009 _d905009 |
||